Kanadalaiset - äkillinen kuolema - Statistics

Yleistilastot
  • Tätä visaa on pelattu 28 kertaa
  • Keskiarvotulos 6 / 20
Answers on the Grid
Answers color-coded by a green-red scale on the quiz's grid according to % correct below.
Pamela Anderson
Mr. Beast
Kristen Bell
Justin Bieber
Jimmy Buffett
Jim Carrey
Cindy Crawford
Stephen Curry
Drake
Bob Dylan
Michael J. Fox
Terry Fox
Selena Gomez
Ryan Gosling
Wayne Gretzky
Carly Rae Jepsen
Avril Lavigne
Rob Lowe
Seth McFarlane
Shawn Mendes
Joni Mitchell
Alanis Morissette
Mike Myers
William Shatner
Britney Spears
Alan Thicke
Justin Trudeau
Shania Twain
The Weeknd
Neil Young
 
Vastaustilastot
Vastaus % Oikein
Justin Bieber
79%
Justin Trudeau
63%
Wayne Gretzky
63%
Drake
47%
Alanis Morissette
42%
Jim Carrey
37%
Neil Young
37%
The Weeknd
37%
Mike Myers
26%
Pamela Anderson
26%
Avril Lavigne
21%
Carly Rae Jepsen
21%
Ryan Gosling
21%
Shania Twain
21%
Shawn Mendes
21%
William Shatner
21%
Michael J. Fox
16%
Alan Thicke
5%
Joni Mitchell
5%
Terry Fox
0%
Ehtoja vastaavia visoja ei löytynyt
Tulosjakauma
Jokaisen tuloksen saaneiden osuus
Persentiili vastausten määrän mukaan
Tuloshistoriasi
Et ole pelannut tätä visaa